Kraje Gdzie jest Najwięcej Użytkowników Internetu - Statystyki

Ogólne statystyki
  • Ten quiz został rozwiązany 175 razy
  • Średni wynik to 16 z 20
Statystyki odpowiedzi
Ilość Użytkowników Kraj % Poprawnych
286 942 362 Stany Zjednoczone
100%
802 000 000 Chiny
99%
109 552 842 Rosja
96%
79 127 551 Niemcy
95%
462 124 989 Indie
93%
56 367 330 Francja
91%
149 057 635 Brazylia
89%
118 626 672 Japonia
87%
69 915 219 Meksyk
86%
60 273 385 Wielka Brytania
86%
51 836 798 Włochy
79%
143 260 000 Indonezja
75%
47 013 649 Korea Południowa
72%
46 608 720 Turcja
72%
98 391 456 Nigeria
59%
56 700 000 Iran
58%
44 608 065 Pakistan
57%
57 607 242 Filipiny
54%
51 333 076 Wietnam
54%
88 687 000 Bangladesz
48%
Nie znaleziono quizów pasujących do podanych kryteriów
Rozkład punktacji
Procent ludzi z każdym wynikiem
Percentyl według liczby udzielonych odpowiedzi
Twoja historia wyników
Nie rozwiązałeś tego quizu